Movies Quiz

Random Movies or Letter Quiz

Pick the Word - 'B' Movies Quiz Stats

 Plays Quiz Updated Apr 24, 2019

Score 0/25 Timer 05:00
6 Plays Today
Question Answer Wrong Answers
Beauty and the ___
1991
Beast
98.2%
Storm
0.1%
Wolverine
0.1%
Cyclops
0.1%
Batman and ___
1997
Robin
97.7%
Sparrow
0.4%
Starling
0.2%
Pigeon
0.2%
Beverly ___ Cop
1984
Hills
97.5%
Mountains
0.3%
Peaks
0.4%
Summits
0.2%
Better ___ Dead...
1985
Off
96.7%
Raid
0.6%
Repel
0.5%
Cutter
0.5%
Black ___
2018
Panther
96.3%
Cougar
0.4%
Leopard
0.6%
Tiger
1.1%
Bill & Ted's Excellent ___
1989
Adventure
96.2%
Pitfall
1%
Centipede
0.5%
Asteroids
0.6%
Breaking ___
2011
Dawn
96.2%
Pips
0.4%
Revolution
1%
Heartbreakers
0.8%
Breakfast at ___
1961
Tiffany's
95.9%
Cher's
0.5%
Brandy's
1.6%
Adele's
0.4%
Blind ___
1987
Date
95.8%
Raisin
1.2%
Prune
0.5%
Fig
1%
Brother ___
2003
Bear
95.2%
Lion
1.5%
Tiger
1.4%
Flying Monkey
0.3%
Behind Enemy ___
2001
Lines
95.1%
Points
0.9%
Planes
1.5%
Spaces
0.8%
Bye Bye ___
1963
Birdie
94.9%
Eagle
1.4%
Bogie
1.9%
Par
0.2%
Boat ___
2002
Trip
94.9%
Quad
1.3%
Quint
0.6%
Duo
1.6%
Big ___ 6
2014
Hero
93.9%
Submarine
1.9%
Grinder
1.4%
Hoagie
1.2%
Before the ___ Knows You're Dead
2007
Devil
93.3%
Tower
0.4%
Empress
2.4%
Hanged Man
2.3%
Big ___
2003
Fish
92.2%
Rhoda
2.4%
Frasier
2.3%
Phyllis
1.5%
Be Kind ___
2008
Rewind
89%
Play
3.4%
Fast Forward
3.7%
Stop
2.2%
Blood ___
2006
Diamond
88.7%
Rink
2.1%
Field
4.3%
Court
3.2%
Burn After ___
2008
Reading
87%
Short Line
2.7%
B&O
2.4%
Pennsylvania
6%
Blades of ___
2007
Glory
83.7%
Platoon
0.4%
Fury
13.9%
Jarhead
0.4%
Bad ___ Bears
2005
News
82.7%
Olds
3.2%
Borroweds
1.4%
Blues
10.9%
Bulletproof ___
2003
Monk
80.6%
Prioress
3.4%
Miller
9.7%
Pardoner
4.5%
Bull ___
1988
Durham
75.2%
Raleigh
9.2%
Charlotte
5.2%
Cary
8.7%
Blue ___
2013
Jasmine
69.7%
Belle
19.7%
Aurora
8.3%
Pocahontas
0.6%
Black ___ Moan
2006
Snake
56.9%
Dragon
23%
Monkey
9.3%
Rabbit
9%

You're not logged in!

Compare scores with friends on all Sporcle quizzes.
OR
Log In

Sporcle TV

Today on Sporcle TV


Watch our educational content, quiz creation guides, and fun videos on Sporcle TV.

Show Comments

Extras

Top Quizzes Today


Score Distribution

Your Account Isn't Verified!

In order to create a playlist on Sporcle, you need to verify the email address you used during registration. Go to your Sporcle Settings to finish the process.

Report this User

Report this user for behavior that violates our Community Guidelines.

Details: